000 00986nam a22002897a 4500
001 BR8004747
003 BR-BrBNA
005 20230928090701.0
007 ta
008 230509b bl.||||| |||| 00| 0 por d
040 _aBR-BrBNA
_bpor
_cBiblioteca Nacional de Agricultura
041 _a(Eng)
072 _aF10; M20
090 _ F10 BR8004747
100 1 _aPrakki, S.
100 1 _aVadlamudi, B.R.
110 1 _aInstituto de Pesquisas Espaciais, Sao Jose dos Campos, SP (Brasil)
245 1 _aOn the momentum transport by stationary waves forced by the topography [topografia, oceanografia]
_bINPE-1720-RPE/125
260 3 _aSao Jose dos Campos, SP (Brasil):
_c1980.
300 _a23 p.
500 _a7 illus.; Summary (Eng). (*) Documento disponível na(o) Instituto de Pesquisas Espaciais, Sao Jose dos Campos, SP (Brazil)
650 _aCLIMATOLOGIA
650 _aTOPOGRAFIA
650 _aPRESSAO ATMOSFERICA
909 _a202309
_bLucia
_c55
_dLucia Elande
942 _cBK
999 _c30007
_d30007